Trouve les rappeurs Français #1 - Statistiques

Statistiques générales
  • Ce quiz a été pris 309 fois
  • Le résultat moyen est 12 sur 16
Statistiques - réponses
Par images Réponse % Correct
JUL
99%
Soprano
96%
Orelsan
94%
Vald
94%
Black M
92%
Niska
91%
Hatik
90%
Sofiane
75%
Alonzo
74%
Guizmo
61%
Alpha Wann
56%
Dosseh
56%
MC Solaar
52%
Alkpote
50%
Kery James
49%
Disiz
35%
Aucun quiz correspondant
Distribution des résultats
% des personnes avec chaque résultat
Percentile par nombre de réponses
Votre historique - résultats
Vous n’avez pas pris ce quiz